Kong dao /
Saved in:
| Main Author: | |
|---|---|
| Format: | Book |
| Language: | Chinese |
| Published: |
Xianggang :
Xianggang jia shu shang hui,
[1935]
|
| Subjects: | |
| Tags: |
Add Tag
No Tags, Be the first to tag this record!
|
| LEADER | 00701cam a2200229ui 4500 | ||
|---|---|---|---|
| 001 | 007724337-4 | ||
| 005 | 20024617110316.0 | ||
| 008 | 941130s1935 hk a 000 0 chi d | ||
| 035 | 0 | |a ocm31537552 | |
| 040 | |a NIC |c NIC |d *YNH* |d CStRLIN | ||
| 100 | 1 | |6 880-01 |a Huang, Zhuonan. | |
| 245 | 1 | 0 | |6 880-02 |a Kong dao / |c Huang Zhuonan zhu. |
| 260 | |6 880-03 |a Xianggang : |b Xianggang jia shu shang hui, |c [1935] | ||
| 300 | |a 3 v. ; |c 19 cm. | ||
| 500 | |a Imprint date from preface. | ||
| 600 | 0 | 0 | |a Confucius. |
| 650 | 0 | |a Philosophy, Confucian. | |
| 880 | 1 | |6 100-01 |a 黄倬南. | |
| 880 | 1 | 0 | |6 245-02 |a 孔道 / |c 黄倬南著. |
| 880 | |6 260-03 |a 香港 : |b 香港嘉屬商會, |c [1935] | ||
| 988 | |a 20021108 | ||
| 906 | |0 OCLC | ||


